000
00202nas a2200097Ia 4500
022
_a
0007-1323
245
_a
BRITISH JOURNAL OF SURGERY
260
_c
2015
_a
UK
_b
WILEY
310
_a
Monthly
942
_2
ddc
_c
LJ
999
_c
6540
_d
6540